[Event "NRW-ch U12"]
[Site "Kranenburg"]
[Date "2005.03.31"]
[Round "5"]
[White "Sadroschinski, Dominique"]
[Black "Karsunke, Marvin"]
[Result "0-1"]
[WhiteElo "1183"]
[BlackElo "1461"]
[PlyCount "82"]
[EventDate "2005.03.28"]
[EventType "swiss"]
[EventRounds "7"]
[EventCountry "GER"]
[SourceTitle "CBM 105 Extra"]
[Source "ChessBase"]
[SourceDate "2005.05.01"]
[SourceVersion "1"]
[SourceVersionDate "2005.05.01"]
[SourceQuality "1"]

1. e4 e5 2. Nf3 Nc6 3. Bc4 Bc5 4. c3 Nf6 5. d4 exd4 6. cxd4 Bb4+ 7. Nc3 Bxc3+ 8. bxc3 Nxe4 9. 0-0 0-0 10. Re1 d5 11. Bd3 Nf6 12. Qc2 h6 13. Ba3 Re8 14. Rxe8+ Qxe8 15. Re1 Qd8 16. Bf5 Bxf5 17. Qxf5 Qd7 18. Qd3 Re8 19. Rxe8+ Qxe8 20. g3 Qe4 21. Qxe4 Nxe4 22. Bb2 Na5 23. Ne5 f6 24. Nd3 Nc4 25. Ba1 Kf7 26. f3 Ned6 27. Kf2 g5 28. Ke2 Kg6 29. g4 h5 30. h3 hxg4 31. hxg4 Kf7 32. Nb2 Nxb2 33. Bxb2 Nc4 34. Bc1 b6 35. f4 Kg6 36. fxg5 fxg5 37. Kf3 Nd6 38. Ke3 Ne4 39. Bb2 Kf6 40. Ke2 Ke6 41. Kd1 Nf2+ 0-1

[Event "OWL-ch U12"]
[Site "Hiddenhausen"]
[Date "2005.01.05"]
[Round "7"]
[White "Henkemeier, Markus"]
[Black "Sadroschinski, Dominique"]
[Result "1-0"]
[WhiteElo "1395"]
[BlackElo "994"]
[PlyCount "61"]
[EventDate "2005.01.02"]
[EventType "swiss"]
[EventRounds "7"]
[EventCountry "GER"]
[SourceTitle "EXT 2007"]
[Source "ChessBase"]
[SourceDate "2006.11.23"]
[SourceVersion "1"]
[SourceVersionDate "2006.11.23"]
[SourceQuality "1"]

1. e4 c5 2. Nc3 e6 3. f4 d6 4. Nf3 Bd7 5. g3 a6 6. a4 b6 7. Bg2 Be7 8. 0-0 Nf6 9. e5 Nd5 10. exd6 Bxd6 11. Nxd5 exd5 12. Ng5 Bc6 13. Qh5 g6 14. Re1+ Be7 15. Qh6 Kd7 16. Nxf7 Bf8 17. Nxd8 Bxh6 18. Nf7 Re8 19. Rxe8 Kxe8 20. Nxh6 Bd7 21. Bxd5 Ra7 22. Bf3 Nc6 23. Bxc6 Bxc6 24. Ng4 Re7 25. b3 h5 26. Ne5 Be4 27. d3 Bf5 28. Bd2 g5 29. Re1 g4 30. Nc4 Re6 31. Nd6+ 1-0

[Event "OWL-ch U12"]
[Site "Hiddenhausen"]
[Date "2005.01.03"]
[Round "4"]
[White "Sadroschinski, Dominique"]
[Black "Roselius, Christian"]
[Result "1-0"]
[WhiteElo "994"]
[BlackElo "908"]
[PlyCount "37"]
[EventDate "2005.01.02"]
[EventType "swiss"]
[EventRounds "7"]
[EventCountry "GER"]
[SourceTitle "EXT 2007"]
[Source "ChessBase"]
[SourceDate "2006.11.23"]
[SourceVersion "1"]
[SourceVersionDate "2006.11.23"]
[SourceQuality "1"]

1. e4 e5 2. Nf3 Nc6 3. Bc4 Nf6 4. Ng5 d5 5. exd5 Nxd5 6. Nxf7 Be6 7. Nxd8 Rxd8 8. d3 Bc5 9. Nc3 Nxc3 10. bxc3 Bxc4 11. Bd2 Ba6 12. 0-0 Kd7 13. Qg4+ Kd6 14. Kh1 g6 15. f4 h5 16. fxe5+ Kxe5 17. Rae1+ Kd5 18. Qe4+ Kd6 19. Qe6# 1-0

[Event "OWL-ch U12"]
[Site "Hiddenhausen"]
[Date "2005.01.02"]
[Round "1"]
[White "Neukoetter, Moritz"]
[Black "Sadroschinski, Dominique"]
[Result "0-1"]
[WhiteElo "1316"]
[BlackElo "994"]
[PlyCount "112"]
[EventDate "2005.01.02"]
[EventType "swiss"]
[EventRounds "7"]
[EventCountry "GER"]
[SourceTitle "EXT 2007"]
[Source "ChessBase"]
[SourceDate "2006.11.23"]
[SourceVersion "1"]
[SourceVersionDate "2006.11.23"]
[SourceQuality "1"]

1. d4 d5 2. c4 e6 3. Nc3 Nf6 4. Nf3 Be7 5. e3 Bd7 6. Bd2 Nc6 7. Be2 0-0 8. 0-0 Ne4 9. cxd5 exd5 10. Nxd5 Be6 11. Nc3 Nxd2 12. Qxd2 Nb4 13. a3 Nd5 14. e4 Nxc3 15. bxc3 f6 16. Rab1 b6 17. d5 Bf7 18. Nd4 Bg6 19. Ne6 Qd6 20. Nxf8 Bxf8 21. f3 Qxa3 22. Bc4 Qc5+ 23. Qd4 Qd6 24. Rfe1 Kh8 25. Rbd1 Qd8 26. e5 Bc5 27. Qxc5 bxc5 28. e6 h6 29. Bb5 Qe7 30. Re2 a5 31. Bc6 Ra6 32. Ra1 Be8 33. Bxe8 Qxe8 34. e7 Ra8 35. c4 Qd7 36. Rae1 Re8 37. Re6 a4 38. Kf2 Kg8 39. f4 Kf7 40. f5 Rxe7 41. Rxe7+ Qxe7 42. Rxe7+ Kxe7 43. Ke2 a3 44. Kd3 a2 45. Kc3 a1Q+ 46. Kd3 Kd6 47. g4 Qd4+ 48. Ke2 Qc3 49. g5 hxg5 50. h4 gxh4 51. Kf2 Ke5 52. d6 cxd6 53. Kg2 Qg3+ 54. Kh1 d5 55. cxd5 h3 56. d6 Qg2# 0-1

[Event "OWL-ch U12"]
[Site "Hiddenhausen"]
[Date "2005.01.02"]
[Round "2"]
[White "Sadroschinski, Dominique"]
[Black "Wittke, Rene"]
[Result "0-1"]
[WhiteElo "994"]
[BlackElo "1509"]
[PlyCount "70"]
[EventDate "2005.01.02"]
[EventType "swiss"]
[EventRounds "7"]
[EventCountry "GER"]
[SourceTitle "EXT 2007"]
[Source "ChessBase"]
[SourceDate "2006.11.23"]
[SourceVersion "1"]
[SourceVersionDate "2006.11.23"]
[SourceQuality "1"]

1. e4 d5 2. exd5 Nf6 3. Nc3 Nxd5 4. Bc4 c6 5. Nf3 Nxc3 6. bxc3 e6 7. d3 b5 8. Bb3 Bd6 9. Be3 0-0 10. 0-0 Bb7 11. Qe2 c5 12. Rad1 Qc7 13. Rfe1 Nd7 14. h3 Qc6 15. Nh4 Be7 16. Nf3 Ne5 17. Kh1 Nxf3 18. Qxf3 Qxf3 19. gxf3 Bxf3+ 20. Kg1 Bxd1 21. Rxd1 Rfd8 22. c4 b4 23. Ba4 e5 24. Bc6 Rac8 25. Be4 g6 26. f4 Bd6 27. fxe5 Bxe5 28. Rf1 Bd4 29. Bxd4 cxd4 30. Bb7 Rc7 31. Bg2 Re7 32. Kh2 Re2 33. Rc1 Rde8 34. Kh1 Re1+ 35. Rxe1 Rxe1+ 0-1